[Event "Høstturneringen 2023"]
[Site "Ås, Viken NOR"]
[Date "2023.10.12"]
[Round "4"]
[White "Andersen, Odd"]
[Black "Brenden, Torbjørn"]
[Result "0-1"]
[WhiteElo "1758"]
[BlackElo "1616"]
[PlyCount "120"]
[EventDate "2023.??.??"]

1. c4 d5 2. cxd5 Qxd5 3. Nf3 Nf6 4. Nc3 Qd6 5. d4 c6 6. e4 Qb4 7. a3 Qa5 8. b4 Qd8 9. Bc4 e6 10. O-O Be7 11. Bg5 O-O 12. Qd2 b6 13. e5 Nd5 14. Bxe7 Nxe7 15. Ne4 Ba6 16. Bxa6 Nxa6 17. Qd3 Nc7 18. Nfg5 Ng6 19. f4 h6 20. Nh3 Nb5 21. Rad1 Qd7 22. a4 Nc7 23. f5 exf5 24. Rxf5 Nd5 25. Rb1 Qe7 26. b5 cxb5 27. Rxb5 Rad8 28. Nd6 Nc7 29. Rb1 Qe6 30. Rc1 Rd7 31. Nf4 Nxf4 32. Rxf4 Nd5 33. Rf2 Rfd8 34. Rfc2 Nb4 35. Qe4 Rxd6 36. Rc4 Na6 37. Qe2 Rxd4 38. Rxd4 Rxd4 39. Qxa6 Qxe5 40. Qc8+ Kh7 41. h3 Rxa4 42. Qc2+ Qe4 43. Qxe4+ Rxe4 44. Rc7 Ra4 45. Rxf7 b5 46. Kf2 b4 47. Ke3 Ra3+ 48. Kd4 a5 49. Kc4 b3 50. Kc3 a4 51. Rf2 g5 52. g4 Kg6 53. Rd2 Kf7 54. Rf2+ Ke6 55. Re2+ Kd5 56. Rd2+ Ke5 57. Re2+ Kf4 58. Re6 b2+ 59. Kxb2 Rxh3 60. Rb6 a3+ 0-1

[Event "Høstturneringen 2023"]
[Site "Ås, Viken NOR"]
[Date "2023.10.12"]
[Round "4"]
[White "Smith, Robert M"]
[Black "Holm, Bjarne"]
[Result "1-0"]
[WhiteElo "1353"]
[BlackElo "1736"]
[Annotator "Lea,Per"]
[PlyCount "83"]
[EventDate "2023.09.07"]

1. e4 e5 2. Nf3 Nc6 3. Bc4 Be7 4. O-O Nf6 5. Re1 O-O 6. c3 d6 7. h3 Na5 8. Bf1 Re8 9. d4 exd4 10. cxd4 Nc6 11. Nc3 h6 12. Bc4 Bf8 13. Bb3 a6 14. a4 g6 15. Qc2 Bg7 16. Bd2 Nb4 17. Qb1 a5 18. e5 Bf5 19. Qd1 Nh7 20. g4 Bc8 21. Bf4 dxe5 22. Nxe5 Bxe5 23. dxe5 g5 24. Bg3 Be6 25. Bxe6 fxe6 26. Qb3 Nf8 27. Red1 Qe7 28. Ne4 Red8 29. Qf3 Nc2 30. Rac1 Nd4 31. Nf6+ Kh8 32. Qe4 c5 33. h4 Nh7 34. Kg2 b6 35. Rh1 gxh4 36. Rxh4 Nxf6 37. exf6 Qh7 38. Qe3 Kg8 39. Rxh6 Qb7+ 40. Kh3 Rd5 41. Rg6+ Kf8 42. Qh6+ (42. Qh6+ Ke8 (42... Kf7 43. Rg7+ Kf8 44. Qh8#) 43. Rg7 {og svart kan bare utsette matten noen trekk ved å ofre masse materiell}) 1-0

[Event "Høstturneringen 2023"]
[Site "Ås, Viken NOR"]
[Date "2023.10.12"]
[Round "4"]
[White "Furnes, Torstein"]
[Black "Hrituleac, Paul"]
[Result "1/2-1/2"]
[WhiteElo "1723"]
[BlackElo "1363"]
[Annotator "Furnes,Torstein"]
[PlyCount "34"]
[EventDate "2023.09.07"]

1. d4 d5 2. c4 dxc4 3. e4 b5 4. a4 c6 5. axb5 cxb5 6. Nc3 a6 7. Nxb5 axb5 8. Rxa8 Bb7 9. Ra1 e6 10. f3 f5 11. exf5 Ne7 (11... exf5 $6 {ville ikke vært så godt ifølge Stockfish.} 12. Ne2 $18) 12. fxe6 Nbc6 13. Ne2 $11 {Stillingen er skarp, men Stockfish vurderer den som helt jevn de neste trekkene.} ({Her var faktisk førstevalget til Stockfish å ofre løperen} 13. Bxc4 bxc4 14. Ne2 $11) 13... Nf5 {Så langt har vi fulgt partier som finnes i ChessBase Online Database. Denne stillingen har oppstått i 5 partier i databasen. Blant annet i et parti mellom to 2600-spillere som ble spilt for en måned siden ! Med mitt neste trekk avviker jeg fra databasen.} 14. d5 Nb4 15. Nc3 Nd4 $1 16. Kf2 $11 {Stockfish-evalueringen holder seg fortsatt rundt 0, men etter svarts neste trekk stiger den plutselig opp til hvit fordel på +4 !} Nbc2 $2 $18 {Svart går med feil springer til c2. Hvit står nå til vinst. "Board on Fire" er ChessBase sin kommentar til stillingen !} (16... Ndc2 $11 {ville fortsatt gitt helt lik stilling, men det blir komplisert spill ! Stockfish sine førstevalg i de neste trekkene er} 17. Kg3 $1 Qb6 18. b3 Bd6+ 19. Kh3 Be5 20. bxc4 Bxc3 21. Rb1 $11) ({Svart hadde også alternativet} 16... Bc5 $11 17. Be3 Nbc2 {og her serverer Stockfish oss et dronningoffer ! Hvit får ikke noen stor fordel etter dronningofferet, men det er hvits eneste mulighet. Alle andre alternativer gir svart avgjørende fordel.} 18. Qxc2 $3 Nxc2 19. Bxc5 Nxa1 20. Nxb5 Qf6 21. Nd6+ Kd8 22. Nxb7+ Kc7 23. Nd6 Nb3 24. Nb5+ Kb8 25. Bd6+ Kb7 26. Bxc4 Qxb2+ 27. Kg3 $11 {Hvit har løperpar og tre bønder for dronningen. Stockfish vurderer stillingen som helt lik (0.00).}) 17. Rb1 $4 $19 {Hvit gjør en feil og stillingen snur fullstendig fra hvit fordel på +4 til svart vinststilling på -5.} (17. Nxb5 $1 $18 {vinner for hvit. Stockfish anbefaler videre} Bc5 18. Nxd4 Qh4+ 19. g3 Qxd4+ 20. Qxd4 Bxd4+ 21. Kg2 Nxa1 22. Bxc4 Nc2 23. Bb3 {Hvit har fire bønder for en springer. Stockfish vurderer stillingen som vunnet for hvit (+4).}) 17... Bc5 {Svart foreslår remis og jeg aksepterer. Stockfish mener at svart har en fordel på ca -5 i sluttstillingen. Hvit har fortsatt en ganske stor materiell fordel med tårn og to bønder for springer, men svarts aktive brikker avgjør partiet til sin fordel.} 1/2-1/2

[Event "Høstturneringen 2023"]
[Site "Ås, Viken NOR"]
[Date "2023.10.12"]
[Round "4"]
[White "Samset, Jon"]
[Black "Heien, Aksel"]
[Result "1-0"]
[WhiteElo "1390"]
[BlackElo "1355"]
[Annotator "Lea,Per"]
[PlyCount "105"]
[EventDate "2023.09.07"]

1. e4 c6 2. Nc3 d5 3. Nf3 Bg4 4. Be2 e6 5. O-O Ne7 6. d4 Nd7 7. e5 Ng6 8. a3 Be7 9. b4 a6 10. Bd2 O-O 11. Na4 b5 12. Nc5 Nxc5 13. bxc5 Bxf3 14. Bxf3 Bg5 15. a4 Bxd2 16. Qxd2 f6 17. axb5 axb5 18. exf6 Qxf6 19. c3 e5 20. Rxa8 Rxa8 21. dxe5 Nxe5 22. Bxd5+ Kh8 23. Bb3 Rd8 24. Qa2 g6 25. h3 Nd3 26. c4 Nxc5 27. cxb5 Nxb3 28. Qxb3 cxb5 29. Qxb5 Qd6 30. Qg5 Kg7 31. Ra1 Kg8 32. Ra7 Qd1+ 33. Kh2 Qd6+ 34. g3 Qb6 35. Ra2 Rf8 36. Qd2 Rd8 37. Qc2 Qd4 38. Qb3+ Kh8 39. Qb2 Kg7 40. Qxd4+ Rxd4 41. Ra7+ Kh6 42. h4 Rd2 43. Kg2 Rd4 44. Rf7 Rd5 45. f4 Rd3 46. f5 gxf5 47. Rxf5 Kg6 48. Rf3 Rd2+ 49. Kh3 h5 50. Re3 Kf5 51. Rf3+ Ke4 52. Rf8 Ke5 $4 (52... Rd5 {eller andre tårntrekk som kan gardere h-bonden når den blir truet, holder remis}) 53. Rh8 1-0

[Event "Høstturneringen 2023"]
[Site "Ås, Viken NOR"]
[Date "2023.10.12"]
[Round "4"]
[White "Hrituleac, Kosta"]
[Black "Krasniqi, Isa"]
[Result "1/2-1/2"]
[WhiteElo "1206"]
[BlackElo "1361"]
[Annotator "Lea,Per"]
[PlyCount "96"]
[EventDate "2023.09.07"]

1. e4 e5 2. Nf3 d6 3. d4 Bg4 4. Bc4 h6 5. h3 Bh5 6. g4 Bg6 7. Nc3 c6 8. dxe5 b5 9. Bb3 b4 10. Na4 Bxe4 11. Qe2 d5 12. c4 Nd7 13. Rg1 g5 14. Nd2 Nxe5 15. cxd5 Nd3+ 16. Kf1 cxd5 17. Nxe4 dxe4 18. Qxe4+ Ne7 19. Nc3 Nc5 20. Qxb4 Nc6 21. Ba4 Qd7 22. Bxc6 Qxc6 23. Be3 Be7 24. Bxc5 Qxc5 25. Qxc5 Bxc5 26. Re1+ Kf8 27. Kg2 Kg7 28. a3 a5 29. Ne4 Bb6 30. Ng3 Rhe8 31. Nh5+ Kg6 32. Rd1 Rad8 33. Rc1 Re6 34. Rc2 Red6 35. Rgc1 Kh7 36. Rc6 Bd4 37. R6c2 Rd5 38. Rd1 Bh8 39. Rxd5 Rxd5 40. Rc7 Bxb2 41. Rxf7+ Kg6 42. Rf3 Rb5 43. Rd3 a4 44. Rd6+ Kf7 45. Ra6 Bxa3 46. Rxa4 Bc5 47. Ra2 Rb3 48. Rc2 Bb6 {Her er det ikke lett å komme videre for hvit som har en ekstra bonde, men computeranalysene påstår det bør gå ...} 1/2-1/2

[Event "Høstturneringen 2023"]
[Site "Ås, Viken NOR"]
[Date "2023.10.12"]
[Round "4"]
[White "Skaret, Runar"]
[Black "Nicolaisen, Lars-Henrik Nystøyl"]
[Result "0-1"]
[WhiteElo "1292"]
[BlackElo "1255"]
[PlyCount "52"]
[EventDate "2023.09.07"]

1. c4 c5 2. Nc3 Nf6 3. Nf3 e6 4. d3 d5 5. cxd5 exd5 6. Qb3 d4 7. Ng5 Qc7 8. Nd5 Nxd5 9. Qxd5 h6 10. Nf3 Be6 11. Qe5 Qxe5 12. Nxe5 Bd6 13. Nf3 Bd5 14. Nh4 O-O 15. f3 Re8 16. Kf2 Nc6 17. g3 Nb4 18. b3 a5 19. Nf5 Bf8 20. e4 dxe3+ 21. Nxe3 Bc6 22. Bd2 a4 23. Bxb4 cxb4 24. Bg2 Bc5 25. Rae1 axb3 26. axb3 Ra2+ 0-1

[Event "Høstturneringen 2023"]
[Site "Ås, Viken NOR"]
[Date "2023.10.19"]
[Round "5"]
[White "Lea, Per"]
[Black "Johansen, Anders Sten"]
[Result "1/2-1/2"]
[WhiteElo "1681"]
[BlackElo "1716"]
[Annotator "Lea,Per"]
[PlyCount "60"]
[EventDate "2023.09.07"]

1. c4 e5 2. g3 Nf6 3. Bg2 d5 4. e3 c5 5. cxd5 Nxd5 6. Nc3 $2 (6. Ne2) (6. Nf3)
6... Nb4 7. Be4 Nd3+ (7... N8c6 $1) 8. Bxd3 Qxd3 9. Qe2 Qxe2+ 10. Ngxe2 Bd7 11.
d4 cxd4 12. exd4 Nc6 13. Be3 exd4 14. Nxd4 Bb4 15. a3 Bxc3+ 16. bxc3 Ne5 17.
O-O O-O 18. f4 $2 (18. Rfb1 b6 19. a4) 18... Nc4 19. Bf2 Rfe8 20. Rfe1 b5 21.
Nc2 a6 22. Ne3 Nd2 23. Red1 Nb3 24. Rab1 Nc5 $4 (24... Be6 $11) 25. Nc2 $2 (25.
Rd5 $1 Rac8 26. Nf1 $18) 25... Bg4 (25... Bf5) 26. Bxc5 Bxd1 27. Rxd1 Rec8 28.
Rd5 (28. Bd4 Rd8 29. Kf2 f6 30. Ke2 Rd7 31. Ne3 Rad8 32. Kd3 Kf7 $18) 28... Rd8
29. Rxd8+ Rxd8 30. Bd4 f6 1/2-1/2

[Event "Høstturneringen 2023"]
[Site "Ås, Viken NOR"]
[Date "2023.10.19"]
[Round "5"]
[White "Brenden, Torbjørn"]
[Black "Larsen, Jo Ingebrigt"]
[Result "0-1"]
[WhiteElo "1616"]
[BlackElo "1597"]
[PlyCount "96"]

1. e4 d6 2. Nc3 Nf6 3. a4 e5 4. h3 Nbd7 5. Nf3 c6 6. a5 Qc7 7. g4 d5 8. d3 d4 9. Ne2 h6 10. Bg2 Bb4+ 11. Bd2 Bxd2+ 12. Qxd2 Nc5 13. b4 Ne6 14. c3 c5 15. cxd4 cxd4 16. Rc1 Qd6 17. Qb2 b5 18. axb6 axb6 19. O-O O-O 20. Nd2 b5 21. f4 Ra4 22. fxe5 Qxe5 23. Rf5 Qb8 24. Rff1 Qd6 25. Rb1 Rd8 26. Nf3 Qb6 27. Nh4 Ng5 28. Nf5 Bxf5 29. exf5 Ra7 30. Rf4 Rad7 31. h4 Ngh7 32. Kh1 h5 33. g5 Ng4 34. Rc1 Rc7 35. Rxc7 Qxc7 36. Be4 Nf8 37. Qa2 Nd7 38. Rxg4 hxg4 39. Nxd4 Qc1+ 40. Kg2 Rc8 41. g6 Ne5 42. gxf7+ Nxf7 43. Kg3 Qe3+ 44. Kxg4 Qxd4 45. Qe6 Rf8 46. Kh5 Qf6 47. Qd7 Qh6+ 48. Kg4 Ne5+ 0-1

[Event "Høstturneringen 2023"]
[Site "Ås, Viken NOR"]
[Date "2023.10.19"]
[Round "5"]
[White "Bakken, Svein-Erik"]
[Black "Smith, Robert M"]
[Result "1-0"]
[WhiteElo "1576"]
[BlackElo "1353"]
[PlyCount "59"]
[EventDate "2023.09.07"]

1. d4 Nf6 2. c4 e6 3. Nc3 Bb4 4. Nf3 d5 5. Bg5 h6 6. Bh4 dxc4 7. e3 b5 8. a4 c6 9. Ne5 Bb7 10. Qf3 g5 11. Bg3 a6 12. Be2 Qe7 13. Bd1 c5 14. Qe2 cxd4 15. exd4 Bxg2 16. Rg1 Bb7 17. Bc2 Nbd7 18. O-O-O Bxc3 19. bxc3 Qa3+ 20. Kd2 O-O-O 21. Ra1 Qe7 22. axb5 axb5 23. Ra7 Nc5 24. Nc6 Qd7 25. Nxd8 Rxd8 26. Qe5 Nce4+ 27. Ke1 Nxg3 28. Qxf6 Ne4 29. Bxe4 Bxe4 30. Rxd7 1-0

[Event "Høstturneringen 2023"]
[Site "Ås, Viken NOR"]
[Date "2023.10.19"]
[Round "5"]
[White "Holm, Bjarne"]
[Black "Samset, Jon"]
[Result "1-0"]
[WhiteElo "1736"]
[BlackElo "1390"]
[PlyCount "71"]

1. c4 c5 2. g3 g6 3. Bg2 Bg7 4. Nc3 Nc6 5. e3 Nf6 6. Nge2 O-O 7. d4 d6 8. O-O Bd7 9. h3 e5 10. d5 Ne7 11. e4 h6 12. f4 exf4 13. Bxf4 Ne8 14. g4 g5 15. Bg3 Qc8 16. Qd3 Ng6 17. b3 Be5 18. Rae1 Bxg3 19. Nxg3 Nf4 20. Qe3 Nxg2 21. Kxg2 f6 22. Nf5 Bxf5 23. exf5 Rf7 24. Qe6 Qd7 25. Re3 Ng7 26. Qxd7 Rxd7 27. Rfe1 Kf8 28. h4 Re8 29. Rxe8+ Nxe8 30. hxg5 fxg5 31. Re6 Kg7 32. Ne4 Nc7 33. Rg6+ Kf8 34. Rxh6 Ne8 35. Nxg5 Kg7 36. Rh7+ 1-0

[Event "Høstturneringen 2023"]
[Site "Ås, Viken NOR"]
[Date "2023.10.19"]
[Round "5"]
[White "Hrituleac, Paul"]
[Black "Kielland-Lund, Jon"]
[Result "0-1"]
[WhiteElo "1363"]
[BlackElo "1715"]
[Annotator "Tactical Analysis 5.3 (4s)"]
[PlyCount "58"]
[EventDate "2023.??.??"]

1. e4 c6 2. Nc3 d5 3. Nf3 Bg4 4. h3 Bxf3 5. Qxf3 Nf6 6. e5 Nfd7 $1 7. d4 e6 8. a3 c5 9. Be3 {[%eval -118,24]} (9. dxc5 $1 $11 {[%eval -7,21] remains equal.} Bxc5 10. Qg3) 9... cxd4 $17 ({Stronger than} 9... Nc6 10. O-O-O $15) 10. Bxd4 Nc6 {[%csl Bd4,Be5]} 11. Qe3 {[%eval -128,21]} (11. O-O-O $142 {[%eval -88,24]}) 11... Nxd4 12. Qxd4 Bc5 13. Qg4 Bxf2+ {[%eval 1,23]} 14. Ke2 {[%eval -384,23][%mdl 8192] This move loses the game for White.} (14. Kxf2 $11 {[%eval 1,23]} Qb6+ 15. Kg3 Qxb2 16. Qb4 Qxa1 {[#]} 17. Bb5 $1 Qxh1 18. Bxd7+ Kxd7 19. Qxb7+ Kd8 20. Qxa8+ Kc7 21. Qxa7+ (21. Qxh8 Qe1+ 22. Kg4 Qf2 $15) 21... Kc8 22. Kf2 (22. Qa8+ Kc7 $11)) 14... Qb6 $19 {[#] ( ? ...Qe3+)} 15. Nd1 {Prevents Qe3+.} Bd4 16. Qxg7 Bxe5 {The board is on fire.} 17. Qg5 Rc8 18. c3 Bf6 19. Qe3 d4 20. Qf2 Qb3 21. Ke1 dxc3 22. Rc1 c2 {Strongly threatening ...Bg5.} 23. Ne3 Qxb2 24. Rxc2 Qb1+ 25. Kd2 Ke7 26. Rg1 Rxc2+ 27. Nxc2 Bg5+ 28. Kd3 Qb3+ 29. Ke4 Qd5# {Weighted Error Value: White=1.52/Black=0.36} 0-1

[Event "Høstturneringen 2023"]
[Site "Ås, Viken NOR"]
[Date "2023.10.19"]
[Round "5"]
[White "Kvedalen, Sindre"]
[Black "Furnes, Torstein"]
[Result "1/2-1/2"]
[WhiteElo "1107"]
[BlackElo "1723"]
[Annotator "Furnes,Torstein"]
[PlyCount "98"]
[EventDate "2023.??.??"]

1. e4 c5 2. c3 d5 3. exd5 Qxd5 4. d4 e6 5. Na3 cxd4 6. Qxd4 ({Hos ChessBase Online Database fortsetter nesten alle partiene med} 6. Nb5 Na6 7. Qxd4) 6... Qxd4 7. cxd4 Bxa3 {Velger å gi fra meg løperparet for å påføre hvit en svak dobbeltbonde i a-linjen.} 8. bxa3 Nc6 9. Bb2 Nf6 10. Nf3 O-O 11. Bd3 Rd8 12. O-O b6 13. Bb5 Bb7 14. Bxc6 {Stockfish liker ikke dette avbyttet så godt. Nå får svarts offiserer et godt felt på d5.} Bxc6 15. Ne5 Bd5 ({Stockfish liker bedre} 15... Bb5 {fulgt av Sd5.}) 16. Rfc1 Rac8 17. h3 Ne4 18. Nd3 Nd6 19. a4 Nc4 20. Bc3 Kf8 $6 21. Bb4+ Ke8 22. Nf4 Bb7 ({Stockfish vil spille} 22... a5 23. Nxd5 Rxd5 24. Bc3 Na3) 23. Nh5 Rxd4 $2 (23... g6 $4 {kunne gitt et morsomt mattbilde:} 24. Nf6#) ({Stockfish foretrekker} 23... a5 24. Nxg7+ Kd7 25. Bc3 Bxg2 $1 26. Kxg2 Rg8) 24. Nxg7+ Kd7 25. Rd1 Rxd1+ 26. Rxd1+ Bd5 27. Nh5 Kc6 28. Nf4 a5 29. Nxd5 exd5 30. Bc3 Re8 31. Kf1 Re4 {De neste trekkene svinger Stockfish-evalueringen ganske mye fram og tilbake.} 32. Rd4 $19 (32. Bd4 {er førstevalget til Stockfish.}) 32... f5 $11 (32... Nd6 $19 {er bedre.}) 33. f3 $19 ({Stockfish vil heller spille} 33. Rxe4 fxe4 34. Bd4 $11 {med helt lik stilling (0.00)}) 33... Ne3+ $11 ({Her mener Stockfish at svart vinner etter} 33... Re3 {fulgt av Ta3.}) 34. Kf2 Rxd4 35. Bxd4 Nc2 36. Bb2 Nb4 37. Ke3 Nxa2 ({Her vil Stockfish spille} 37... f4+ $1 38. Kd4 (38. Kxf4 $4 {Bonden kan selvsagt ikke slås pga springergaffel} Nd3+) 38... Nxa2 39. Ba3 Nb4 40. Bc1 Nc2+ 41. Kc3 Ne1 42. Bxf4 Nxg2) 38. Kf4 $19 ({Stockfish vil heller spille} 38. g4 fxg4 39. hxg4 $11) 38... Kc5 ({Stockfish sier at svart vinner etter} 38... b5 {For eksempel} 39. axb5+ Kxb5 40. Kxf5 Kc4 41. f4 d4 42. Ke4 Nc3+ 43. Kf3 Kb3) (38... Nb4 {vinner også. For eksempel} 39. Kxf5 b5 40. axb5+ Kxb5) 39. Kxf5 (39. g4) 39... d4 $2 $11 {Nå viser Stockfish-evalueringen 0.00 resten av partiet.} ({Svart vinner etter} 39... Kc4 $19 40. Ke5 Nb4) 40. Ke4 Nc3+ 41. Kd3 Nxa4 42. Bxd4+ Kd5 43. f4 b5 44. f5 Nc5+ 45. Bxc5 Kxc5 46. Kc3 Kd5 47. g4 Ke5 48. Kb3 h6 49. h4 Kf6 {Dette kan minne litt om sluttstillingen i et annet remisparti (Isa-Michael) som ble spilt denne runden ! Begge kongene må passe på motstanderens fribønder og ingen kommer videre.} 1/2-1/2

[Event "Høstturneringen 2023"]
[Site "Ås, Viken NOR"]
[Date "2023.10.19"]
[Round "5"]
[White "Thowsen, Alf Geir"]
[Black "Andersen, Odd"]
[Result "1/2-1/2"]
[WhiteElo "1338"]
[BlackElo "1758"]
[PlyCount "149"]
[EventDate "2023.09.07"]

1. d4 f5 2. Bf4 Nf6 3. e3 d5 4. c3 e6 5. Nd2 Bd6 6. Bxd6 cxd6 7. Ngf3 b6 8. Bd3 O-O 9. O-O Ba6 10. Qe2 Bxd3 11. Qxd3 Nbd7 12. c4 g6 13. Qa3 Nb8 14. Rac1 dxc4 15. Nxc4 Ne4 16. Rfd1 Qd7 17. Nfd2 Nxd2 18. Rxd2 Rd8 19. Rdc2 Nc6 20. Qb3 Rac8 21. Nd2 Na5 22. Qd3 Rxc2 23. Qxc2 Kf7 24. b4 Nb7 25. Qc7 Ke7 26. Qxd7+ Kxd7 27. f3 Rc8 28. Rxc8 Kxc8 29. Kf2 Kd7 30. Ke2 Kc6 31. Kd3 Kb5 32. a3 Ka4 33. Nb1 Kb3 34. Nc3 a6 35. b5 axb5 36. Nxb5 Ka4 37. Nc7 Nd8 38. Ne8 d5 39. e4 dxe4+ 40. fxe4 fxe4+ 41. Kxe4 Kxa3 42. Nc7 Ka4 43. Ke5 g5 44. g4 Nc6+ 45. Ke4 Nb4 46. Ke5 Nd5 47. Nxe6 Ne3 48. h3 b5 49. Nc5+ Kb4 50. Ne6 Kc4 51. Ke4 Nd5 52. Nc5 b4 53. Nd3 Nc3+ 54. Ke3 b3 55. Nb2+ Kb4 56. Kd3 Nd5 57. Nd1 Nf4+ 58. Ke4 Nxh3 59. d5 Kb5 60. Ke5 Nf4 61. d6 Kc6 62. Nb2 Kd7 63. Nc4 h6 64. Kf6 Nd5+ 65. Kg6 Ne3 66. Nd2 b2 67. Kxh6 Nxg4+ 68. Kxg5 Ne5 69. Kf4 Nc4 70. Nb1 Kxd6 71. Ke4 Kc5 72. Kd3 Kb4 73. Kc2 Na3+ 74. Nxa3 Kxa3 75. Kb1 1/2-1/2

[Event "Høstturneringen 2023"]
[Site "Ås, Viken NOR"]
[Date "2023.10.19"]
[Round "5"]
[White "Nicolaisen, Lars-Henrik Nystøyl"]
[Black "Hrituleac, Kosta"]
[Result "0-1"]
[WhiteElo "1255"]
[BlackElo "1206"]
[PlyCount "36"]
[EventDate "2023.09.07"]

1. d4 d5 2. c4 dxc4 3. e4 b5 4. a4 c6 5. axb5 cxb5 6. Nc3 a6 7. Nxb5 axb5 8. Rxa8 Bb7 9. Ra1 e6 10. Bf4 Nc6 11. Nf3 Be7 12. Be2 Nf6 13. Qb1 Bb4+ 14. Bd2 Bxd2+ 15. Kxd2 Nxd4 16. Nxd4 Qxd4+ 17. Ke1 Nxe4 18. Rf1 Qd2# 0-1

[Event "Høstturneringen 2023"]
[Site "Ås, Viken NOR"]
[Date "2023.10.26"]
[Round "6"]
[White "Bakken, Svein-Erik"]
[Black "Lea, Per"]
[Result "1/2-1/2"]
[WhiteElo "1576"]
[BlackElo "1681"]
[PlyCount "69"]
[EventDate "2023.09.07"]

1. d4 f5 2. c4 g6 3. Nc3 Nf6 4. Bf4 Bg7 5. h3 d6 6. e3 O-O 7. Be2 Nc6 8. Nf3
Nh5 9. Bh2 f4 10. e4 e5 11. dxe5 dxe5 12. Nd5 Ne7 13. Qc2 c6 14. Nc3 Qc7 15.
O-O-O Bd7 16. Rd2 Rfd8 17. Rhd1 Be8 18. Ng5 Nf6 19. Ne6 Rxd2 20. Rxd2 Qa5 21.
Nxg7 Kxg7 22. Qd1 c5 23. Kb1 Nc6 24. f3 Nd4 25. Bf1 a6 26. Nd5 b5 27. Nxf6 Kxf6
28. Bg1 Bf7 29. Bxd4 cxd4 30. Rc2 Rc8 31. b3 bxc4 32. bxc4 Rb8+ 33. Ka1 Qb4 34.
Qc1 Qc5 35. Rb2 1/2-1/2

[Event "Høstturneringen 2023"]
[Site "Ås, Viken NOR"]
[Date "2023.10.26"]
[Round "6"]
[White "Kielland-Lund, Jon"]
[Black "Larsen, Jo Ingebrigt"]
[Result "1-0"]
[WhiteElo "1715"]
[BlackElo "1597"]
[Annotator "Tactical Analysis 5.3 (5s)"]
[PlyCount "63"]
[EventDate "2023.09.07"]

1. c4 f5 2. e4 fxe4 3. Nc3 Nf6 4. d3 exd3 5. Bxd3 d6 6. Bg5 {[%mdl 1024] White has compensation.} Nbd7 7. Qe2 c6 8. O-O-O {White has an edge.} Qc7 9. h4 {[%eval -10,22]} (9. Nf3 $142 {[%eval 30,20]}) 9... Ne5 $11 10. Bc2 $1 Be6 11. c5 {[#] Threatens to win with cxd6.} Bc4 ({Don't play} 11... dxc5 12. f4 Bg4 13. Qxe5 Qxe5 14. fxe5 $16) 12. Qe3 {Black must now prevent cxd6.} Bf7 $2 {[%eval 260,23] This costs Black the game.} (12... e6 $14 {[%eval 38,20]}) 13. cxd6 $18 exd6 14. f4 {[%mdl 64] [#] Pin} Nfg4 15. Qe1 {[%mdl 64] Nf3 is the strong threat. Pin} Bh5 {[%eval 341,23]} (15... h6 {[%eval 212,21] was called for.}) 16. fxe5 Nxe5 17. Nf3 h6 $2 {[%eval 624,27]} (17... Be7 {[%eval 355,24]} 18. Nxe5 dxe5) 18. Bf4 Bxf3 19. gxf3 O-O-O 20. Bxe5 dxe5 21. Bf5+ Kb8 22. Rxd8+ Qxd8 23. Qxe5+ Bd6 24. Qxg7 Rg8 25. Qd7 Qf6 {[%eval 457,28]} (25... Qxd7 $142 {[%eval 308,25]} 26. Bxd7 Rg2) 26. Kb1 {Strongly threatening Ne4.} Rd8 27. Qe6 Qd4 {[%eval 949,24]} (27... Qxe6 $142 {[%eval 418,23]} 28. Bxe6 Bf4) 28. Rd1 Qf4 29. Be4 {[%eval 402,25]} (29. Ne4 $142 {[%eval 940,25]}) 29... Kc7 30. Qg4 {White is clearly winning.} Qe3 31. Qg7+ Kb6 {[%eval 1045,27]} (31... Rd7 $142 {[%eval 423,24]} 32. Qg8 Qf4) {Og svart fikk nok med 30 sek. på sin klokke. Hvit hadde over en time igjen.} 32. Qd4+ {[%eval 475,23] Weighted Error Value: White=0.55/Black=0.61} (32. Qf6 $142 {[%eval 1045,27]} Kc7 33. Rc1) 1-0

[Event "Høstturneringen 2023"]
[Site "Ås, Viken NOR"]
[Date "2023.10.26"]
[Round "6"]
[White "Johansen, Anders Sten"]
[Black "Holm, Bjarne"]
[Result "1-0"]
[WhiteElo "1716"]
[BlackElo "1736"]
[PlyCount "67"]

1. e4 e5 2. Nf3 Nc6 3. Bc4 Bc5 4. c3 Nf6 5. d4 exd4 6. e5 d5 7. Bb5 Ne4 8. cxd4
Bb4+ 9. Bd2 Nxd2 10. Nbxd2 Bd7 11. Bd3 O-O 12. O-O Bg4 13. Be2 f6 14. a3 Bxd2
15. Qxd2 Qd7 16. exf6 Rxf6 17. Ne5 Nxe5 18. dxe5 Rg6 19. Bxg4 Rxg4 20. f4 Rf8
21. f5 Rxf5 22. Rxf5 Qxf5 23. Qxd5+ Qf7 24. Qd8+ Qf8 25. Qxc7 Re4 26. Rd1 h6
27. h3 Kh7 28. e6 Rxe6 29. Rd7 Rc6 30. Qe5 Rg6 31. Rxb7 Qf3 32. Rxg7+ Rxg7 33.
Qxg7+ Kxg7 34. gxf3 1-0